| 000 | 00570nam a2200181Ia 4500 | ||
|---|---|---|---|
| 999 |
_c20071 _d20071 |
||
| 082 | _aTB.0389 | ||
| 100 | _aBangkim, Nongthombam | ||
| 245 | 0 | _aSocial construction of gender: a study on parental gender-role socialization in Meitei society | |
| 250 | _aPanjab Unversity, Ch | ||
| 260 | _c2009 | ||
| 300 | _a281 | ||
| 504 | _ainculdes bibliography | ||
| 650 |
_aMeitheis (Indic people) _vIndia _vManipur _vSocial conditions |
||
| 650 |
_aSex role _vIndia _vManipur |
||
| 650 |
_aParental influences _vIndia _vManipur |
||
| 710 | _aTeja, Mohinderjit Kaur | ||
| 942 | _cTH | ||